| 000 | 01463cam0 2200361 ib4500 | ||
|---|---|---|---|
| 001 | BY-MI0000-br2147966724 | ||
| 005 | 20251027140221.0 | ||
| 010 |
^a978-5-9614-9676-5 ^bв переплете |
||
| 035 | ^a(BY-MI0000)BY-MI0000-br2147966724 | ||
| 100 | ^a20251021d2025 de y0rusy50 ca | ||
| 101 | 1 |
^arus ^ceng |
|
| 102 | ^aRU | ||
| 105 | ^ay z 000ay | ||
| 109 | ^ama | ||
| 200 | 1 |
^aГорстка волшебства ^fМишель Харрисон ^gперевод с английского [Е. Пташкиной] |
|
| 210 |
^aМосква ^cАльпина.дети ^cАльпина Паблишер ^d2025 |
||
| 215 |
^a413 с. ^d21 см |
||
| 225 | 1 | ^aЩепотка магии | |
| 333 | ^a12+ | ||
| 345 | ^92000 экз. | ||
| 608 |
^aПРОЗА (лит. произведение) ^3BY-NLB-ar2648148 ^2BYGNR |
||
| 608 |
^aДЕТСКАЯ И ЮНОШЕСКАЯ ЛИТЕРАТУРА (художеств. произведение) ^3BY-NLB-ar9019 ^2BYGNR |
||
| 606 |
^aХУДОЖЕСТВЕННАЯ ЛИТЕРАТУРА ^3BY-NLB-ar37179 ^2DVNLB |
||
| 606 |
^aАНГЛИЙСКАЯ ЛИТЕРАТУРА ^3BY-NLB-ar2468 ^2DVNLB |
||
| 686 |
^a84(4Вел)-4 ^2rubbk |
||
| 690 |
^a1 ^2Base ^9BY-MI0000 ^xRSEK |
||
| 700 | 1 |
^aХаррисон ^bМ. |
|
| 702 | 1 |
^aПташкина ^bЕ. ^3BY-SEK-ar8153566 ^4730 |
|
| 801 | 0 |
^aBY ^bBY-MI0000 ^c20251021 ^gRCR |
|
| 899 | 0 |
^aBY-MI0000 ^iХ21 ^h84(4Вел) |
|